000 00707 a2200229 4500
001 0000
003 0000
005 20251016094058.0
020 _a9780367701055
040 _erda
050 _aRK 529 .G66
100 _aGoodson, Alexander M.C.
245 _aClassifications and Lists in Oral and Maxillofacial Surgery
_cMohammad S. Sarwar; Umar Rehman; Peter A. Brennan
264 _aBoca Raton
_bCRC Press
_c2024
300 _axxvii, 122p.
336 _2rdacontent
338 _2rdacarrier
504 _aIncludes Index
650 _2
_a
651 _2
_v
942 _2lcc
_cBK
999 _c43823
_d43823